000 nam a22 7a 4500
999 _c9893
_d9893
008 180208b ||||| |||| 00| 0 eng d
100 _aPremchand Mizza, Rabindranad
_95966
245 _aRamayanam, Mahaparatham
260 _aNew Delhi
_bMaanu Publication
_c2012